Score 0/15 Timer 02:30
2 Plays Today
Question Answer Wrong Answers
Franklin President
88.3%
King
2.2%
Both
2.8%
Theodore President
88.1%
King
1.6%
Both
3.6%
George Both
86.5%
King
5.1%
President
2.3%
Alfred King
82.7%
President
7.2%
Both
3.4%
James Both
82.6%
King
5.6%
President
5.1%
Benjamin President
82.2%
King
5.5%
Both
5.7%
William Both
81.5%
King
9.8%
President
2.4%
John Both
80.6%
King
4.3%
President
8.6%
Richard Both
78.6%
King
9.2%
President
6.1%
Edward King
72.5%
President
1.9%
Both
19.1%
Thomas President
71.7%
King
5.8%
Both
16.2%
Charles King
71.5%
President
1.8%
Both
20.4%
Harold King
69.6%
President
14.2%
Both
9.9%
Andrew President
59.4%
King
7.4%
Both
27%
Henry King
48%
President
2.3%
Both
43.1%
Remove Ads.
Support Sporcle.
Get the best of Sporcle when you Go Orange. This ad-free experience offers more features, more stats, and more fun while also helping to support Sporcle. Thank you for becoming a member.

You're not logged in!

Compare scores with friends on all Sporcle quizzes.
OR
Log In

Sporcle TV

Today on Sporcle TV


Watch our educational content, quiz creation guides, and fun videos on Sporcle TV.

Show Comments

Extras

Top Quizzes Today


Score Distribution

Paid Content

Your Account Isn't Verified!

In order to create a playlist on Sporcle, you need to verify the email address you used during registration. Go to your Sporcle Settings to finish the process.

Report this User

Report this user for behavior that violates our Community Guidelines.

Details: